[Event "Open de la Loire"]
[Site "Comite Loire Echecs"]
[Date "2005.05.21"]
[Round "8.5"]
[White "Desassis, Gregoire"]
[Black "Carrot, Axel"]
[Result "1-0"]
[WhiteElo "1660"]
[BlackElo "1480"]
[PlyCount "121"]
[EventDate "2005.??.??"]

1. d4 d5 2. Nf3 Bf5 3. Nbd2 Nc6 4. c4 Nb4 5. Qa4+ Nc6 6. Qb5 dxc4 7. Qxb7 Bd7
8. d5 Rb8 9. Qa6 Nb4 10. Qxc4 Bf5 11. e4 Bd7 12. a3 Bb5 13. Qc3 Bxf1 14. Nxf1
e6 15. Bf4 Na6 16. Qc6+ Qd7 17. Qxa6 Rxb2 18. Qc6 exd5 19. Qxd7+ Kxd7 20. Ne5+
Ke6 21. exd5+ Ke7 22. Ne3 Nf6 23. Nf5+ Ke8 24. O-O Nxd5 25. Bc1 Re2 26. f4 g6
27. Nd4 Re4 28. Bb2 Nxf4 29. Rac1 Bg7 30. Rxc7 Bxe5 31. Rc8+ Kd7 32. Rc4 Ne2+
33. Nxe2 Rxc4 34. Bxe5 Re8 35. Rxf7+ Kc8 36. Rxa7 Rxe5 37. Ng3 Rc2 38. h3 Re3
39. Kh2 Rd3 40. Nf1 Rf2 41. Kg1 Re2 42. Rxh7 Re1 43. Kf2 Rb1 44. Rh6 Rb2+ 45.
Kg1 Rxa3 46. Rxg6 Ra1 47. h4 Rb5 48. g4 Re1 49. h5 Re4 50. Kg2 Kd7 51. h6 Re6
52. Rg7+ Re7 53. Rg8 Rc5 54. g5 Rc8 55. Rxc8 Kxc8 56. g6 Re6 57. g7 Rg6+ 58.
Ng3 Kd8 59. h7 Rxg7 60. h8=Q+ Kd7 61. Qxg7+ 1-0

[Event "Open de la Loire"]
[Site "Comite Loire Echecs"]
[Date "2005.05.21"]
[Round "8.6"]
[White "Bruyas, Benjamin"]
[Black "Conesa, Antoine"]
[Result "1-0"]
[WhiteElo "1410"]
[BlackElo "1500"]
[PlyCount "77"]
[EventDate "2005.??.??"]

1. Nf3 c5 2. c4 e6 3. a3 Nc6 4. g3 Nf6 5. Bg2 h6 6. Nc3 a6 7. O-O Rb8 8. a4 b6
9. b3 Bb7 10. e3 Nb4 11. Ne5 d6 12. Bxb7 Rxb7 13. Nf3 Qc7 14. Re1 Be7 15. Na2
Nd3 16. Re2 Nxc1 17. Rxc1 Qc6 18. Re1 Rd7 19. d4 cxd4 20. exd4 d5 21. Ne5 Qd6
22. Nxd7 Qxd7 23. cxd5 Nxd5 24. Nc3 Bb4 25. Nxd5 Qxd5 26. Rc8+ Kd7 27. Rxh8
Bxe1 28. Qxe1 Qxb3 29. Qa1 Qb4 30. Rh7 Ke7 31. Rxg7 Kf8 32. Rh7 Qd2 33. Rh8+
Ke7 34. Rb8 Qb4 35. Rb7+ Ke8 36. a5 b5 37. Rb6 Qe7 38. Rxa6 Qb7 39. Rb6 1-0

[Event "Open de la Loire"]
[Site "Comite Loire Echecs"]
[Date "2005.05.21"]
[Round "8.7"]
[White "Gregoire, Patrick"]
[Black "Doucet, Medhi"]
[Result "0-1"]
[WhiteElo "1450"]
[BlackElo "1620"]
[PlyCount "50"]
[EventDate "2005.??.??"]

1. e4 e5 2. Nf3 Nc6 3. Bc4 Be7 4. d3 Nf6 5. Bg5 b6 6. Nc3 Bb7 7. Bxf6 Bxf6 8.
Nd5 Na5 9. Nxf6+ Qxf6 10. Nd2 Nxc4 11. Nxc4 d5 12. exd5 Bxd5 13. Ne3 Qc6 14.
Nxd5 Qxd5 15. O-O O-O 16. Re1 c5 17. Re3 f6 18. Qd2 Rad8 19. h4 Qd4 20. h5 Qxb2
21. Rae1 Qxa2 22. Rg3 Qd5 23. Re4 Rf7 24. Qe3 f5 25. Rg5 f4 0-1

[Event "Open de la Loire"]
[Site "Comite Loire Echecs"]
[Date "2005.05.21"]
[Round "8.8"]
[White "Mialon, Franck"]
[Black "Granger, Thierry"]
[Result "0-1"]
[WhiteElo "1410"]
[BlackElo "1499"]
[PlyCount "52"]
[EventDate "2005.??.??"]

1. e4 c5 2. Nf3 e6 3. c3 d6 4. d4 cxd4 5. cxd4 Be7 6. Be2 Nc6 7. Bb5 Bd7 8. O-O
a6 9. Bxc6 Bxc6 10. d5 Bd7 11. Bd2 Nf6 12. Bc3 O-O 13. Qc2 exd5 14. exd5 Nxd5
15. g3 Rc8 16. h4 Bc6 17. Qd2 Nxc3 18. Nxc3 Bxf3 19. Qd3 Bc6 20. Rae1 b5 21.
Re3 Re8 22. Ne4 b4 23. Rfe1 Qd7 24. Rf3 Bxe4 25. Rxe4 a5 26. Qb3 Bf6 0-1

[Event "Open de la Loire"]
[Site "Comite Loire Echecs"]
[Date "2005.05.21"]
[Round "8.9"]
[White "Rogues, Jean-Luc"]
[Black "Goudet, Maxence"]
[Result "0-1"]
[WhiteElo "1470"]
[BlackElo "1380"]
[PlyCount "72"]
[EventDate "2005.??.??"]

1. e4 e5 2. Nf3 Nc6 3. Bc4 Nf6 4. d3 Be7 5. O-O O-O 6. Nc3 d6 7. h3 Nd7 8. Be3
Nb6 9. Bd5 Bf6 10. Bxc6 bxc6 11. Qd2 d5 12. exd5 cxd5 13. Bg5 Qd6 14. Bxf6 Qxf6
15. Qg5 Qxg5 16. Nxg5 f6 17. Nf3 Bd7 18. Rfe1 Rae8 19. Re2 Re7 20. Rae1 Rfe8
21. Nd2 f5 22. f3 d4 23. Ncb1 Nd5 24. Nc4 Bb5 25. Nxe5 Nf4 26. Nc6 Nxe2+ 27.
Kh2 Bxc6 28. Nd2 Nf4 29. Rxe7 Rxe7 30. Nc4 Re2 31. Kg3 Nh5+ 32. Kh4 g6 33. b3
Rxg2 34. Ne5 Be8 35. a4 Rxc2 36. Nc4 Rc3 0-1

[Event "Open de la Loire"]
[Site "Comite Loire Echecs"]
[Date "2005.05.21"]
[Round "8.10"]
[White "Desassis, Maxence"]
[Black "Trottet, Francois"]
[Result "1-0"]
[WhiteElo "1390"]
[BlackElo "1420"]
[PlyCount "63"]
[EventDate "2005.??.??"]

1. d4 Nf6 2. Nf3 e6 3. e3 a6 4. Bd3 d5 5. Nbd2 c5 6. b3 Nbd7 7. Bb2 Be7 8. O-O
O-O 9. Re1 Qc7 10. c4 b6 11. Qc2 h6 12. a3 Bd6 13. Bc3 e5 14. dxe5 Nxe5 15.
Nxe5 Bxe5 16. Bxe5 Qxe5 17. Nf3 Qe6 18. cxd5 Qxd5 19. e4 Qc6 20. e5 Nd5 21. Be4
Be6 22. b4 c4 23. Red1 b5 24. a4 Rfd8 25. Nd4 Qc8 26. axb5 Nxb4 27. Nxe6 Nxc2
28. Rxd8+ Qxd8 29. Nxd8 Rxd8 30. Bxc2 axb5 31. g3 Rd2 32. Ra8+ 1-0

[Event "Open de la Loire"]
[Site "Comite Loire Echecs"]
[Date "2005.05.21"]
[Round "8.11"]
[White "Veyrat, Gerard"]
[Black "Gerey, Jean-Pierre"]
[Result "0-1"]
[WhiteElo "1240"]
[BlackElo "1350"]
[PlyCount "56"]
[EventDate "2005.??.??"]

1. d4 d5 2. e3 Nc6 3. Nf3 Nf6 4. Nc3 g6 5. Bd3 Bg7 6. Bd2 O-O 7. e4 dxe4 8.
Nxe4 Bg4 9. Qe2 Nxd4 10. Qe3 Nxf3+ 11. gxf3 Nd5 12. Qe2 Be6 13. c3 b6 14. c4
Nf6 15. Bc3 c5 16. Bxf6 exf6 17. Ng3 Re8 18. Be4 Rb8 19. O-O Qd4 20. b3 Bh3 21.
Rad1 Qc3 22. Rfe1 f5 23. Rc1 Qa5 24. Qc2 fxe4 25. Nxe4 Rbd8 26. Ng3 Rxe1+ 27.
Rxe1 Qxe1+ 28. Nf1 Qxf1# 0-1

[Event "Open de la Loire"]
[Site "Comite Loire Echecs"]
[Date "2005.05.21"]
[Round "8.12"]
[White "Giroux, Sylvain"]
[Black "Brachet, Gerard"]
[Result "1-0"]
[WhiteElo "1310"]
[BlackElo "1340"]
[PlyCount "84"]
[EventDate "2005.??.??"]

1. d4 d5 2. c4 Nf6 3. Nc3 e6 4. Bg5 Be7 5. Nf3 dxc4 6. Qa4+ Bd7 7. Qxc4 Nc6 8.
Bf4 a6 9. e4 b5 10. Qb3 b4 11. e5 Na5 12. Qc2 Nd5 13. Nxd5 exd5 14. Bd3 g6 15.
O-O Bb5 16. Bh6 Nc4 17. Bxc4 Bxc4 18. Rfd1 Qd7 19. b3 Bb5 20. a4 Bc6 21. Rac1
Bb7 22. Qxc7 Qxc7 23. Rxc7 Bc8 24. Rdc1 Kd8 25. Ng5 Be6 26. R7c6 Bxg5 27. Bxg5+
Ke8 28. Rb6 Rc8 29. Rxc8+ Bxc8 30. Rd6 Bd7 31. Rxa6 Bxa4 32. Ra8+ Kd7 33. Rxh8
Bxb3 34. Rxh7 Bc2 35. Rxf7+ Kc6 36. Bd8 b3 37. Rf6+ Kb5 38. Rb6+ Kc4 39. e6 Kc3
40. e7 b2 41. e8=Q b1=Q+ 42. Rxb1 Bxb1 1-0

[Event "Open de la Loire"]
[Site "Comite Loire Echecs"]
[Date "2005.05.21"]
[Round "8.13"]
[White "Gidrol, Thibault"]
[Black "Moleins, Adrien"]
[Result "1/2-1/2"]
[WhiteElo "1290"]
[BlackElo "1180"]
[PlyCount "61"]
[EventDate "2005.??.??"]

1. e4 e5 2. Nf3 Nf6 3. Nxe5 Qe7 4. Nf3 Nxe4 5. Qe2 Nf6 6. Qxe7+ Bxe7 7. Nc3 O-O
8. Bc4 Re8 9. O-O b6 10. d4 Bb7 11. d5 c6 12. dxc6 Nxc6 13. Ng5 Ne5 14. Bxf7+
Nxf7 15. Nxf7 Kxf7 16. b3 Bd6 17. Bb2 Ng4 18. Nb5 Bxh2+ 19. Kh1 Bb8 20. f3 Ne3
21. Rfe1 Nxc2 22. Rxe8 Kxe8 23. Rc1 Bc6 24. Rxc2 Bxb5 25. Rc8+ Ke7 26. Be5 d6
27. Bf4 Kd7 28. Rh8 Bd3 29. Rg8 g6 30. Kg1 Ke6 31. Bg3 1/2-1/2

[Event "Open de la Loire"]
[Site "Comite Loire Echecs"]
[Date "2005.05.21"]
[Round "8.14"]
[White "Paratcha, Yohan"]
[Black "Choquelle, Jean"]
[Result "1/2-1/2"]
[WhiteElo "1440"]
[BlackElo "1499"]
[PlyCount "101"]
[EventDate "2005.??.??"]

1. e4 e5 2. Nf3 d6 3. d4 Nd7 4. d5 Ngf6 5. Nc3 Be7 6. Bb5 O-O 7. O-O a6 8. Bc4
Nb6 9. Be2 Qd7 10. a3 Nh5 11. Nd2 Nf4 12. Nb3 Bg5 13. Bxf4 Bxf4 14. Bg4 Qe7 15.
Bxc8 Rfxc8 16. Ne2 Nc4 17. Rb1 Nd2 18. Re1 Nxb1 19. Nxf4 exf4 20. Qxb1 f3 21.
gxf3 Qg5+ 22. Kf1 Re8 23. c4 b6 24. Nd4 Qf4 25. Qd3 Qxh2 26. Ke2 g6 27. Kd2
Qf4+ 28. Kc3 Re5 29. b4 Rae8 30. a4 Qh2 31. Qc2 Rg5 32. a5 Rg1 33. Rxg1 Qxg1
34. axb6 Qa1+ 35. Kd3 Qf1+ 36. Kc3 Qa1+ 37. Kd3 Qa3+ 38. Qb3 Qc1 39. bxc7 Qf1+
40. Kc3 Qa1+ 41. Kd3 Qf1+ 42. Kc3 Qa1+ 43. Qb2 Qe1+ 44. Kd3 Qf1+ 45. Kc3 Qe1+
46. Qd2 Qa1+ 47. Kb3 Qb1+ 48. Qb2 Qd1+ 49. Qc2 Qxd4 50. b5 Qb6 51. Qa2 1/2-1/2